000 00444nam a2200181Ia 4500
005 20221205111855.0
008 131103s9999 xx 000 0 und d
040 _aLoreto College
041 _aEnglish
082 _a821.91
_bHEA
100 _aHeaney, Seamus
245 _aDeath of a naturalist
_cSeamus Heaney
260 _aLondon
_bFaber and Faber
_c1966
300 _a57p.
650 _aEnglish poetry
850 _aLCLIB
942 _cBK
999 _c22025
_d72504